| 000 | 00768nam a2200241Ia 4500 | ||
|---|---|---|---|
| 008 | 160319s9999 xx 000 0 und d | ||
| 020 | _a971-584-440-5 | ||
| 050 | _aFIL PE 1112 | ||
| 050 | _b.S26 2006 | ||
| 100 | _aSan Miguel, J. G. | ||
| 245 | _aSmart English : | ||
| 245 | _bmore than a worktext for grammar and syntax / | ||
| 245 | _cJ. G. San Miguel, D. C. T. Barraquio, R. DV. Revilla. | ||
| 260 | _aQuezon City: | ||
| 260 | _bC & E Pub.Inc., | ||
| 260 | _c2006 | ||
| 300 | _a290 pages : | ||
| 300 | _billustrations ; | ||
| 300 | _c26 cm. | ||
| 500 | _aIncludes bibliographical references and index. | ||
| 650 | _aEnglish language -- Grammar -- Problems, exercises, etc. | ||
| 650 | _xEnglish language -- Syntax -- Problems, exercises, etc. | ||
| 999 |
_c291752 _d291752 |
||